000 00546nam a2200205Ia 4500
003 OSt
005 20220926043823.0
006 a|||||r|||| 00| 0
007 ta
008 220923b |||||||| |||| 00| 0 eng d
037 _cGeneral Book
040 _aRTL
_cRTL
_beng
041 _2eng
_aeng
082 _aY, J6
100 _aBellamy Raymond F, and others
_9348269
245 0 _aPreface to the social science
650 _aEssays Sociology
942 _hY, J6
_cGB
_2CC
999 _c673280
_d673280